000 01060nam a2200301Ia 4500
001 Para_9286
003 CHAP
008 220125s2007 xx 000 0 und d
010 _a208024
040 _cCHAP
090 _aTESIS 2071
100 _aGarcía Munguía, Alberto Margarito
_946349
245 _aSensibilidad "in vitro" de Mycosphaerella fijiensis (Morelet) a fungicidas sistémicos en el Valle de Tecomán, Colima, México /
_c por Alberto Margarito García Munguía
260 _aChapingo, Méx. :
_b el autor
300 _a62 h.
502 _aTesis (Ing. Agr. Esp. en Parasitología Agrícola) -- UACh. Departamento Parasitología Agrícola
650 _aFungicidas sistémicos
_944048
650 _aHongos fitopatógenos
_956132
650 _aMycosphaerella fijiensis
_979933
710 _aUACh. Departamento Parasitología Agrícola
_9164025
901 _aTESIS 2071
902 _aM
905 _a0000002007 dn 0000000000 00
910 _a2007
942 _cPARA
942 _cPARA
_d2
999 _c208024
_d208024